| 000 | 00461nam a2200157Ia 4500 | ||
|---|---|---|---|
| 005 | 20250324121318.0 | ||
| 008 | 231217s9999 xx 000 0 und d | ||
| 020 | _a9788131410301 | ||
| 082 | _a658.11 GUP.2;1 R | ||
| 100 | _aGupta, Vivek. ed. Georg, S S. | ||
| 245 | 0 | _aCase studies on mergers and acquisitions Vol.II | |
| 260 |
_c2006 _bIcfai University press _aHyderabad |
||
| 300 | _a259 | ||
| 650 | _astudies,mergers,acquisitions,Vol.II | ||
| 942 | _cAA | ||
| 999 |
_c185229 _d185229 |
||